| 000 | nam a22 a 4500 | ||
|---|---|---|---|
| 999 |
_c406889 _d406889 |
||
| 003 | BLK | ||
| 005 | 20221019160200.0 | ||
| 008 | 210405b bu |||||r|||| 00| | bu d | ||
| 040 | _aBLK | ||
| 041 |
_aFRE _cFRE |
||
| 080 |
_aИкономически науки в цялост. Политическа икономия. Вж и 338 ; 65 _b330 _x(44)(042.4) _z330(44)(042.4) |
||
| 100 |
_9447310 _aJourdan, Alfred _eпърви автор |
||
| 139 | _aJourdan, Alfred | ||
| 245 |
_aCours analytique d'économie politique professé a la facultè de droit _cAlfred Jourdan |
||
| 257 | _aFRA | ||
| 260 |
_9444070 _aParis _c1882 _bLibrairie Arthur Rousseau |
||
| 300 |
_a818 p. _c23 см |
||
| 380 | _a3 | ||
| 490 |
_9435080 _aКолекция Редки и ценни издания |
||
| 505 | _gАвтограф от Ф.Филчев с текст: Подарява на Русенската градска библиотека Ф.Филчев Януар.95 г. | ||
| 650 | 0 |
_9320400 _aПолитическа икономия - теория |
|
| 651 | 7 |
_9179722 _aФранция |
|
| 653 | 7 |
_aанализи _9180834 |
|
| 653 | 7 |
_9189583 _aкурсове |
|
| 852 |
_aРф 882 _bРц |
||
| 942 |
_cKNG _n0 _s1 |
||
| 944 |
_aCR _c2021-04-08 _kСТ |
||
| 999 | _d406889 | ||
| 999 | _d406513 | ||